[Event "FRA-ch U18 Girls"]
[Site "Agen"]
[Date "2024.04.18"]
[Round "6"]
[White "Hamm, Gabrielle"]
[Black "Grimault, Leane"]
[Result "0-1"]
[WhiteElo "1797"]
[BlackElo "1930"]
[PlyCount "64"]
[EventDate "2024.04.14"]
[EventType "swiss"]
[EventRounds "9"]
[EventCountry "FRA"]
[SourceTitle "EXT 2025"]
[Source "ChessBase"]
[SourceDate "2024.10.14"]
[SourceVersion "1"]
[SourceVersionDate "2024.10.14"]
[SourceQuality "1"]

1. e4 g6 2. d4 Bg7 3. Nc3 d6 4. Be3 Nf6 5. Qd2 c6 6. 0-0-0 b5 7. f3 0-0 8. Bh6 Qc7 9. h4 e5 10. Nge2 Nbd7 11. g4 Nb6 12. h5 b4 13. Nb1 a5 14. Bxg7 Kxg7 15. hxg6 fxg6 16. Qh6+ Kg8 17. Ng3 Be6 18. dxe5 dxe5 19. Rd2 Bxa2 20. Rdh2 Rf7 21. Nd2 Be6 22. Nb3 c5 23. Qe3 Bxb3 24. Qxb3 c4 25. Qe3 a4 26. g5 a3 27. Kb1 axb2 28. Kxb2 Qa7 29. Kc1 Qa1+ 30. Kd2 Rd8+ 31. Ke2 Qd1+ 32. Kf2 Ng4+ 0-1

[Event "Trophee Roza Lallemand Online"]
[Site "Tornelo INT"]
[Date "2020.12.13"]
[Round "3"]
[White "Rozec, Mialy"]
[Black "Hamm, Gabrielle"]
[Result "1-0"]
[WhiteElo "1733"]
[BlackElo "1372"]
[PlyCount "65"]
[EventDate "2020.12.13"]
[EventType "swiss (rapid)"]
[EventRounds "9"]
[EventCountry "USA"]
[SourceTitle "EXT 2022"]
[Source "ChessBase"]
[SourceDate "2021.10.06"]
[SourceVersion "1"]
[SourceVersionDate "2021.10.06"]
[SourceQuality "1"]

1. d4 Nf6 2. Nf3 e6 3. c4 c5 4. d5 exd5 5. cxd5 d6 6. Nc3 g6 7. e4 Bg7 8. Be2 0-0 9. 0-0 Re8 10. Nd2 Na6 11. f3 Nc7 12. a4 a6 13. Nc4 Bd7 14. Nb6 Ra7 15. Bf4 Qe7 16. Nc4 Rea8 17. Bxd6 Qe8 18. Bxc7 b5 19. Bb6 bxc4 20. Bxa7 Rxa7 21. Bxc4 Bc8 22. a5 Rb7 23. Na4 Rb4 24. b3 Nd7 25. Rc1 Bd4+ 26. Kh1 Ne5 27. f4 Nd7 28. e5 Bb7 29. Nc3 Qd8 30. Na2 Qxa5 31. Nxb4 Qxb4 32. e6 fxe6 33. dxe6 1-0